|
|
|
|
| LEADER |
00718naa a2200217 i 4500 |
| 001 |
publ32547 |
| 005 |
20250303133111.0 |
| 008 |
250303s1995 hu o 000 hun d |
| 020 |
|
|
|a 9631172783
|
| 024 |
7 |
|
|a 1896653
|2 mtmt
|
| 040 |
|
|
|a SZTE Publicatio Repozitórium
|b hun
|
| 041 |
|
|
|a hun
|
| 100 |
1 |
|
|a Csejtei Dezső
|
| 245 |
1 |
0 |
|a Oswald Spengler
|h [elektronikus dokumentum] :
|b A Nyugat alkonya /
|c Csejtei Dezső
|
| 260 |
|
|
|a Móra Könyvkiadó
|b Budapest
|c 1995
|
| 300 |
|
|
|a 15
|
| 300 |
|
|
|a 365-379
|
| 490 |
0 |
|
|a 33 híres bölcseleti mű
|
| 650 |
|
4 |
|a Filozófia, etika és vallástudományok
|
| 700 |
0 |
1 |
|a Juhász Anikó
|e aut
|
| 856 |
4 |
0 |
|u http://publicatio.bibl.u-szeged.hu/32547/1/aok_klny_486_95.pdf
|z Dokumentum-elérés
|